000 00781nab a2200241u 4500
001 15778
003 HDC
007 c| |||a|c|aaaa
008 210218b20140529my ||||| |||| 00| 0 may d
040 _aHDC
100 _aFaiza Zainudin /
_eauthor
_98622
245 0 _aTak perlu buat fatwa baharu: Abd Shukor /
_cFaiza Zainudin
336 _atext
_2rdacontent
337 _acomputer
_2rdamedia
338 _aonline resource
_2rdacarrier
650 _aCadbury Malaysia
_99641
650 _apig DNA (porcine)
_915846
710 _aBERITA HARIAN
856 _zRequest full-text at [email protected]
942 _2lcc
942 _cNEWS
942 _kNWSC 004901
999 _c13094
_d13094